Technology of machine tools

Gorde:
Xehetasun bibliografikoak
Egile nagusia: Krar, Steve F.
Formatua: Liburua
Hizkuntza:Undetermined
Argitaratua: New York Glencoe/McGraw-Hill 1997
Gaiak:
Etiketak: Etiketa erantsi
Etiketarik gabe, Izan zaitez lehena erregistro honi etiketa jartzen!
Thư viện lưu trữ: Trung tâm Học liệu Trường Đại học Cần Thơ
LEADER 00536nam a2200193Ia 4500
001 CTU_30770
008 210402s9999 xx 000 0 und d
020 |b 956.000đ 
082 |a 621.902 
082 |b K89 
100 |a Krar, Steve F. 
245 0 |a Technology of machine tools 
245 0 |c Steve F Krar, Albert F Check 
260 |a New York 
260 |b Glencoe/McGraw-Hill 
260 |c 1997 
650 |a Machine-shop practice,Machine-tools 
904 |i Minh, Qhieu 
980 |a Trung tâm Học liệu Trường Đại học Cần Thơ